00710cam a2200205Ma 450000500170000000800410001702000160005802000190007404000500009304100080014310000200015124500720017126000500024330000420029349000310033565000350036665000340040165000390043570000300047420180312142005.0140729s2006 xxua gr 000 j eng d a0439833124  a9780439833127  aCO-BoUCMbspacJose A. GerenadJose A. Gerena0 aeng1 aHerman, Emmi S.10aWe all fall for applescEmmi S. Herman ; ilustraciones Anne Kennedy aNueva York (Estados Unidos)bScholasticc2006 a[32] páginasbilustraciones a color1 aScholastic readeraLevel 1 7aLibros ilustrados para niños 7aLibros y lectura para niños 7aLiteratura infantil estadounidense1 aKennedy, Anneeilustrador